000 00491nam a2200181 a 4500
001 34438
005 20180714002552.0
008 140415s1971 000 0 spa d
041 _aspa
082 _a800
_bBIB
100 1 _aQUEIROZ, ECA DE
245 1 0 _aALVES AND CIA
260 _a[s.l.] :
_bSALVAT EDITORES,
_c1971
300 _a129
490 _aBIBLIOTECA GENERAL SALVAT
_v24
650 1 4 _aLITERATURA PORTUGUESA
_xNARRATIVA
700 1 _aRUIZ TARAZCANA, ANDRES
_etr.
999 _c34438
_d34438